[Event "Marburg op-A"]
[Site "Marburg"]
[Date "2023.10.28"]
[Round "5"]
[White "Krausse, Eckhard"]
[Black "Berstler, Tobias"]
[Result "1/2-1/2"]
[WhiteElo "1867"]
[BlackElo "1598"]
[PlyCount "47"]
[EventDate "2023.10.26"]
[EventType "swiss"]
[EventRounds "7"]
[EventCountry "GER"]
[SourceTitle "CB49_2023"]
[SourceDate "2023.12.06"]
[SourceVersion "1"]
[SourceVersionDate "2023.12.06"]
[SourceQuality "1"]

1. e4 c6 2. Nf3 d5 3. Nc3 dxe4 4. Nxe4 Nf6 5. Ng3 c5 6. Bc4 e6 7. d3 Nc6 8. 0-0 Bd6 9. Bd2 a6 10. a4 0-0 11. Bc3 Nd5 12. Bd2 Ne5 13. Bb3 Qc7 14. Nxe5 Bxe5 15. Qh5 Nf6 16. Qh4 Bxb2 17. Rae1 Qd8 18. Qc4 Ba3 19. Ra1 Bb4 20. Bxb4 cxb4 21. Qxb4 Nd5 22. Qd4 Nf6 23. Qb4 Nd5 24. Qd4 1/2-1/2

[Event "Vellmar op 9th"]
[Site "Vellmar"]
[Date "2017.07.16"]
[Round "7"]
[White "Krausse, Eckhard"]
[Black "Bajorski, Marius"]
[Result "1/2-1/2"]
[WhiteElo "1993"]
[BlackElo "1896"]
[PlyCount "56"]
[EventDate "2017.07.13"]
[EventType "swiss"]
[EventRounds "7"]
[EventCountry "GER"]
[SourceTitle "CBM 179 Extra"]
[Source "ChessBase"]
[SourceDate "2017.08.23"]
[SourceVersion "1"]
[SourceVersionDate "2017.08.23"]
[SourceQuality "1"]

1. e4 c6 2. Nc3 d5 3. Nf3 Bg4 4. h3 Bxf3 5. Qxf3 e6 6. d4 Nf6 7. Be3 Bb4 8. Bd3 dxe4 9. Bxe4 Nxe4 10. Qxe4 Nd7 11. 0-0 0-0 12. Ne2 Nf6 13. Qf3 Nd5 14. Bc1 Bd6 15. c4 Nf6 16. Rd1 Qc7 17. Bg5 Be7 18. Rd3 Rfd8 19. Rad1 Rd7 20. h4 h6 21. Bf4 Qa5 22. a3 Qh5 23. g3 Qxf3 24. Rxf3 Rad8 25. Rc1 Ne8 26. b4 Nd6 27. Bxd6 Rxd6 28. Rd3 Bf6 1/2-1/2

[Event "Vellmar op 9th"]
[Site "Vellmar"]
[Date "2017.07.16"]
[Round "6"]
[White "Reinecke, Katharina"]
[Black "Krausse, Eckhard"]
[Result "1/2-1/2"]
[WhiteElo "1877"]
[BlackElo "1993"]
[PlyCount "102"]
[EventDate "2017.07.13"]
[EventType "swiss"]
[EventRounds "7"]
[EventCountry "GER"]
[SourceTitle "CBM 179 Extra"]
[Source "ChessBase"]
[SourceDate "2017.08.23"]
[SourceVersion "1"]
[SourceVersionDate "2017.08.23"]
[SourceQuality "1"]

1. d4 Nf6 2. c4 c5 3. d5 e6 4. Nc3 exd5 5. cxd5 d6 6. Nf3 Na6 7. g3 g6 8. Bg2 Bg7 9. 0-0 0-0 10. Nd2 Rb8 11. a4 Nb4 12. Nc4 Ne8 13. Bf4 g5 14. Bd2 a6 15. a5 Bd7 16. Qb3 f5 17. Nd1 f4 18. Bxb4 cxb4 19. Qxb4 Qf6 20. Nc3 Bf5 21. Ne4 Bxe4 22. Bxe4 Qd4 23. Bg2 Rc8 24. b3 fxg3 25. hxg3 Be5 26. Rad1 Qg4 27. Qxb7 Rc7 28. Qxa6 Bd4 29. e3 Bc5 30. Nd2 Re7 31. Qc4 Qh5 32. Ne4 Nf6 33. Nxf6+ Rxf6 34. Rfe1 Ref7 35. Qe2 g4 36. Rc1 Rxf2 37. Qxf2 Rxf2 38. Kxf2 Qf5+ 39. Ke2 Bb4 40. Rf1 Qd7 41. Rc4 Bxa5 42. Rff4 h5 43. b4 Bd8 44. Be4 Qa7 45. Bf5 Kg7 46. Be6 Bf6 47. Rc8 Qa2+ 48. Kf1 Qa1+ 49. Kg2 Qb2+ 50. Rf2 Qe5 51. Rg8+ Kh7 1/2-1/2

[Event "Vellmar op 9th"]
[Site "Vellmar"]
[Date "2017.07.14"]
[Round "3"]
[White "Domroese, Michael"]
[Black "Krausse, Eckhard"]
[Result "1-0"]
[WhiteElo "1842"]
[BlackElo "1993"]
[PlyCount "33"]
[EventDate "2017.07.13"]
[EventType "swiss"]
[EventRounds "7"]
[EventCountry "GER"]
[SourceTitle "CBM 179 Extra"]
[Source "ChessBase"]
[SourceDate "2017.08.23"]
[SourceVersion "1"]
[SourceVersionDate "2017.08.23"]
[SourceQuality "1"]

1. e4 c5 2. Nc3 g6 3. f4 Bg7 4. Nf3 d6 5. Bc4 e6 6. 0-0 Ne7 7. d3 0-0 8. Qe1 Nbc6 9. f5 exf5 10. Qh4 Ne5 11. Bg5 N5c6 12. Nd5 h6 13. Nxe7+ Nxe7 14. Bxe7 g5 15. Bxd8 gxh4 16. Bxh4 Re8 17. Bb5 1-0

[Event "Vellmar op 8th"]
[Site "Vellmar"]
[Date "2016.07.30"]
[Round "5"]
[White "Bethke, Richard"]
[Black "Krausse, Eckhard"]
[Result "1-0"]
[WhiteElo "1800"]
[BlackElo "2030"]
[PlyCount "57"]
[EventDate "2016.07.28"]
[EventType "swiss"]
[EventRounds "7"]
[EventCountry "GER"]
[SourceTitle "CBM 173 Extra"]
[Source "ChessBase"]
[SourceDate "2016.08.29"]
[SourceVersion "1"]
[SourceVersionDate "2016.08.29"]
[SourceQuality "1"]

1. e4 c5 2. Nf3 d6 3. d4 cxd4 4. Nxd4 Nf6 5. Nc3 g6 6. f4 Bg4 7. Be2 Bxe2 8. Qxe2 Nc6 9. Nf3 Bg7 10. 0-0 0-0 11. Kh1 e6 12. f5 exf5 13. exf5 Qa5 14. fxg6 hxg6 15. Bf4 Qb4 16. Qd2 d5 17. a3 Qc4 18. Bh6 d4 19. Bxg7 Kxg7 20. Ne2 Rad8 21. Ng3 Qd5 22. Nh4 Rh8 23. Ngf5+ Kf8 24. Qg5 gxf5 25. Qxf6 Rg8 26. Rxf5 Rd6 27. Ng6+ Rxg6 28. Qh8+ Rg8 29. Rxd5 1-0

[Event "Vellmar op 7th"]
[Site "Vellmar"]
[Date "2015.08.07"]
[Round "3"]
[White "Hilverda, Alexander"]
[Black "Krausse, Eckhard"]
[Result "1-0"]
[WhiteElo "2382"]
[BlackElo "1999"]
[PlyCount "43"]
[EventDate "2015.08.06"]
[EventType "swiss"]
[EventRounds "7"]
[EventCountry "GER"]
[SourceTitle "CBM 167 Extra"]
[Source "ChessBase"]
[SourceDate "2015.09.14"]
[SourceVersion "1"]
[SourceVersionDate "2015.09.14"]
[SourceQuality "1"]

1. d4 Nf6 2. c4 c5 3. d5 b5 4. cxb5 a6 5. bxa6 Bxa6 6. Nc3 g6 7. Nf3 d6 8. e4 Bxf1 9. Kxf1 Bg7 10. g3 0-0 11. Kg2 Nbd7 12. a4 Qb6 13. Qe2 Rfb8 14. Nb5 Qb7 15. Ra2 c4 16. Nfd4 Nc5 17. Nc6 Re8 18. Qxc4 Ncxe4 19. f3 Nc5 20. Re1 Rac8 21. b4 Ncd7 22. Rxe7 1-0

[Event "Vellmar op-A 5th"]
[Site "Vellmar"]
[Date "2013.07.28"]
[Round "7"]
[White "Rehbein, Ulrich"]
[Black "Krausse, Eckhard"]
[Result "1-0"]
[WhiteElo "1822"]
[BlackElo "1999"]
[PlyCount "65"]
[EventDate "2013.07.25"]
[EventType "swiss"]
[EventRounds "7"]
[EventCountry "GER"]
[SourceTitle "EXT 2015"]
[Source "ChessBase"]
[SourceDate "2014.11.20"]
[SourceVersion "1"]
[SourceVersionDate "2014.11.20"]
[SourceQuality "1"]

1. d4 Nf6 2. Nf3 c5 3. g3 cxd4 4. Nxd4 e5 5. Nf3 Nc6 6. Bg2 d5 7. 0-0 Bc5 8. c3 a5 9. Bg5 Be6 10. e3 Qb6 11. Bxf6 gxf6 12. Qc2 h5 13. Nbd2 Ke7 14. Nh4 Rag8 15. Nf5+ Bxf5 16. Qxf5 Rg5 17. Qc2 e4 18. c4 Nb4 19. Qb3 a4 20. Qd1 h4 21. cxd5 f5 22. Bxe4 fxe4 23. Nxe4 Rxd5 24. Qf3 Nd3 25. Nc3 Rd6 26. Nd5+ Rxd5 27. Qxd5 hxg3 28. Qe4+ Kf8 29. fxg3 Qxb2 30. Rxf7+ Kxf7 31. Rf1+ Kg7 32. Qg4+ Kh6 33. Qe6+ 1-0

[Event "Vellmar op-A 5th"]
[Site "Vellmar"]
[Date "2013.07.27"]
[Round "4"]
[White "Jellema, Yme Jan"]
[Black "Krausse, Eckhard"]
[Result "1-0"]
[WhiteElo "2217"]
[BlackElo "1999"]
[PlyCount "57"]
[EventDate "2013.07.25"]
[EventType "swiss"]
[EventRounds "7"]
[EventCountry "GER"]
[SourceTitle "EXT 2015"]
[Source "ChessBase"]
[SourceDate "2014.11.20"]
[SourceVersion "1"]
[SourceVersionDate "2014.11.20"]
[SourceQuality "1"]

1. Nf3 c5 2. g3 Nc6 3. Bg2 e5 4. 0-0 d5 5. c4 Nf6 6. b3 Be7 7. cxd5 Nxd5 8. Bb2 Bf6 9. Na3 0-0 10. Rc1 b6 11. h4 Re8 12. Ng5 Ba6 13. Ne4 Rc8 14. Nc4 Bxc4 15. bxc4 Nde7 16. Nxf6+ gxf6 17. f4 exf4 18. h5 f3 19. Rxf3 Nd4 20. Rf4 Ng6 21. hxg6 Nxe2+ 22. Kh2 Nxf4 23. gxh7+ Kxh7 24. gxf4 Rg8 25. Qh5+ Kg7 26. Qg5+ Kf8 27. Qh6+ Ke8 28. Re1+ Kd7 29. Bxf6 1-0

[Event "Vellmar op-A 5th"]
[Site "Vellmar"]
[Date "2013.07.27"]
[Round "5"]
[White "Neumark, Thomas"]
[Black "Krausse, Eckhard"]
[Result "1-0"]
[WhiteElo "2259"]
[BlackElo "1999"]
[PlyCount "77"]
[EventDate "2013.07.25"]
[EventType "swiss"]
[EventRounds "7"]
[EventCountry "GER"]
[SourceTitle "EXT 2015"]
[Source "ChessBase"]
[SourceDate "2014.11.20"]
[SourceVersion "1"]
[SourceVersionDate "2014.11.20"]
[SourceQuality "1"]

1. e4 c5 2. Nf3 d6 3. Bb5+ Bd7 4. Bxd7+ Qxd7 5. 0-0 Nc6 6. c3 Nf6 7. Re1 e5 8. d4 Be7 9. d5 Nd8 10. a4 0-0 11. Nh4 g6 12. Nf3 Nh5 13. Bh6 Re8 14. Nbd2 f6 15. Nc4 Nf7 16. Bc1 Rf8 17. a5 Ng5 18. Nxg5 fxg5 19. h3 Nf4 20. Bxf4 Rxf4 21. f3 h5 22. Ne3 Raf8 23. Qe2 g4 24. hxg4 Bh4 25. gxh5 Qe7 26. Nf1 Qg5 27. Qe3 Bxe1 28. Rxe1 gxh5 29. Nh2 R8f6 30. Kh1 Qg3 31. Nf1 Qg7 32. Qf2 Qg5 33. Nh2 Qg7 34. g3 Rxf3 35. Nxf3 Qg4 36. Kg2 h4 37. Rh1 Qxe4 38. Rxh4 Qxd5 39. Qe3 1-0

[Event "Vellmar op-A 4th"]
[Site "Vellmar"]
[Date "2012.07.29"]
[Round "7"]
[White "Humburg, Philipp"]
[Black "Krausse, Eckhard"]
[Result "1/2-1/2"]
[WhiteElo "1839"]
[BlackElo "2008"]
[PlyCount "27"]
[EventDate "2012.07.26"]
[EventType "swiss"]
[EventRounds "7"]
[EventCountry "GER"]
[SourceTitle "EXT 2014"]
[Source "ChessBase"]
[SourceDate "2013.11.20"]
[SourceVersion "1"]
[SourceVersionDate "2013.11.20"]
[SourceQuality "1"]

1. e4 c5 2. Nf3 d6 3. d4 cxd4 4. Nxd4 Nf6 5. Nc3 Nc6 6. Bg5 e6 7. Qd2 Be7 8. Ndb5 a6 9. Bxf6 gxf6 10. Nd4 f5 11. exf5 e5 12. Nf3 Bxf5 13. a3 Rg8 14. Bd3 1/2-1/2

[Event "Vellmar op-A 4th"]
[Site "Vellmar"]
[Date "2012.07.28"]
[Round "4"]
[White "Wuestehube, Harry"]
[Black "Krausse, Eckhard"]
[Result "0-1"]
[WhiteElo "1934"]
[BlackElo "2008"]
[PlyCount "96"]
[EventDate "2012.07.26"]
[EventType "swiss"]
[EventRounds "7"]
[EventCountry "GER"]
[SourceTitle "EXT 2014"]
[Source "ChessBase"]
[SourceDate "2013.11.20"]
[SourceVersion "1"]
[SourceVersionDate "2013.11.20"]
[SourceQuality "1"]

1. e4 c5 2. Nc3 Nc6 3. f4 e6 4. Nf3 Be7 5. Bb5 Nd4 6. Bc4 d6 7. d3 Bd7 8. Nxd4 cxd4 9. Ne2 b5 10. Bb3 Qb6 11. 0-0 Nf6 12. Bd2 Bc6 13. Ng3 h5 14. h3 h4 15. Nh1 g6 16. Be1 Nh5 17. Qd2 Kd7 18. Bf2 f5 19. Rae1 e5 20. fxe5 dxe5 21. Re2 Nf4 22. Ree1 g5 23. c3 Bc5 24. cxd4 Bxd4 25. Bxd4 Qxd4+ 26. Qe3 Nxd3 27. Qxd4+ exd4 28. Rd1 Bxe4 29. Nf2 Nxf2 30. Rxd4+ Kc7 31. Kxf2 Rad8 32. Rfd1 Rxd4 33. Rxd4 Rd8 34. Rxd8 Kxd8 35. g3 Ke7 36. gxh4 gxh4 37. Bd1 Kf6 38. Be2 Bc6 39. Bf1 Ke5 40. Ke3 b4 41. a3 a5 42. axb4 axb4 43. Kf2 Kd4 44. Ba6 Be4 45. Bb5 f4 46. Ba6 Bf5 47. Kf3 Ke5 48. Bf1 Be6 0-1

[Event "Vellmar op-A 2nd"]
[Site "Vellmar"]
[Date "2010.07.10"]
[Round "5"]
[White "Kersten, Uwe"]
[Black "Krausse, Eckhard"]
[Result "1/2-1/2"]
[WhiteElo "2319"]
[BlackElo "1998"]
[PlyCount "51"]
[EventDate "2010.07.08"]
[EventType "swiss"]
[EventRounds "7"]
[EventCountry "GER"]
[SourceTitle "EXT 2011"]
[Source "ChessBase"]
[SourceDate "2010.11.26"]
[SourceVersion "1"]
[SourceVersionDate "2010.11.26"]
[SourceQuality "1"]

1. d4 Nf6 2. c4 c5 3. d5 b5 4. cxb5 a6 5. b6 d6 6. Nc3 g6 7. Nf3 Bg7 8. a4 Qxb6 9. Nd2 0-0 10. e4 Qc7 11. Nc4 Nbd7 12. a5 Rb8 13. Be2 Ne5 14. Nxe5 dxe5 15. 0-0 Rd8 16. Qc2 e6 17. Bc4 exd5 18. Bxd5 Bb7 19. Bg5 Rxd5 20. exd5 Nxd5 21. Nxd5 Bxd5 22. Be3 c4 23. Rfd1 Qb7 24. Qd2 Bxg2 25. Qd6 Qa8 26. Bb6 1/2-1/2

[Event "Baunatal op 7th"]
[Site "Baunatal"]
[Date "2001.08.15"]
[Round "7"]
[White "Schmitt, Harald"]
[Black "Krausse, Eckhard"]
[Result "0-1"]
[WhiteElo "1715"]
[BlackElo "2034"]
[PlyCount "38"]
[EventDate "2001.08.08"]
[EventType "swiss"]
[EventRounds "7"]
[EventCountry "GER"]
[SourceTitle "EXT 2002"]
[Source "ChessBase"]
[SourceDate "2001.11.25"]
[SourceVersion "1"]
[SourceVersionDate "2001.11.25"]
[SourceQuality "1"]

1. d4 Nf6 2. c4 c5 3. d5 b5 4. cxb5 a6 5. bxa6 Bxa6 6. e3 Bxf1 7. Kxf1 d6 8. g3 g6 9. Kg2 Bg7 10. Nc3 Nbd7 11. Nf3 Nb6 12. a4 0-0 13. Re1 Qd7 14. e4 Rab8 15. e5 dxe5 16. Nxe5 Qb7 17. Nc6 Nfxd5 18. Nxd5 Qxc6 19. Rxe7 Nxd5 0-1

[Event "Baunatal op 7th"]
[Site "Baunatal"]
[Date "2001.08.09"]
[Round "2"]
[White "Stursa, Jan"]
[Black "Krausse, Eckhard"]
[Result "0-1"]
[WhiteElo "2244"]
[BlackElo "2034"]
[PlyCount "64"]
[EventDate "2001.08.08"]
[EventType "swiss"]
[EventRounds "7"]
[EventCountry "GER"]
[SourceTitle "EXT 2002"]
[Source "ChessBase"]
[SourceDate "2001.11.25"]
[SourceVersion "1"]
[SourceVersionDate "2001.11.25"]
[SourceQuality "1"]

1. Nf3 Nf6 2. d4 g6 3. g3 Bg7 4. Bg2 0-0 5. 0-0 d6 6. c4 Nbd7 7. Nc3 c5 8. e3 Rb8 9. Qc2 a6 10. a4 Qc7 11. b3 b6 12. Bb2 Bb7 13. Rad1 d5 14. cxd5 Nxd5 15. Nxd5 Bxd5 16. dxc5 Qb7 17. Bxg7 Kxg7 18. cxb6 Nxb6 19. Qc3+ Kg8 20. Nh4 Bxg2 21. Nxg2 Nd7 22. b4 Rfc8 23. Qd4 Nb6 24. a5 Nc4 25. Nf4 e5 26. Qa1 exf4 27. exf4 Qxb4 28. f5 Nd2 29. fxg6 hxg6 30. Qf6 Nxf1 31. Kxf1 Qxa5 32. Rd7 Qb5+ 0-1